| 000 | 00826nam a2200217Ia 4500 | ||
|---|---|---|---|
| 999 |
_c39372 _d39372 |
||
| 001 | 5961 | ||
| 003 | GE_BSU | ||
| 005 | 20190829131907.0 | ||
| 008 | 181216s1983||||ge |||||||||||||| ||geo|| | ||
| 040 | _cGE_BSU | ||
| 041 | _ageo | ||
| 080 | _a821.353.1-32 ა-13 | ||
| 100 |
_aაბაშიძე, ნინო _93439 |
||
| 245 |
_aშეხვედრა თერგზე : _bმოთხრობები / _cნინო აბაშიძე ; რედ. ლ. ბეროშვილი. |
||
| 264 |
_aთბილისი : _bნაკადული ; _c1983. |
||
| 300 |
_a170 გვ. ; _e20 სმ. |
||
| 653 | _aმოთხრობები | ||
| 653 | _aშეხვედრა თერგზე | ||
| 700 |
_aბეროშვილი, ლ. _eრედაქტორი _93822 |
||
| 942 |
_cBK _2udc |
||